| 000 | 006050000a22001690004500 | ||
|---|---|---|---|
| 090 |
_aAR _b00657 |
||
| 245 | 1 | 0 | _aFour montane rain forests of Jamaica: a quantitative characterization of the floristics, the soils and the foliar mineral levels, and a discussion of the interrelations |
| 650 | 1 | 4 |
_aCaracterización vegetal _993749 |
| 650 | 1 | 4 |
_aSuelos _9287 |
| 650 | 1 | 4 |
_aAnálisis del suelo _9286 |
| 650 | 1 | 4 |
_aEstructura del Bosque _993781 |
| 651 | 4 |
_pJamaica _992749 |
|
| 041 | 0 | _aInglés | |
| 100 | 1 |
_aTanner, E. V. J. _993766 |
|
| 942 | _cARTICULO | ||
| 773 | 1 |
_tJournal of Ecology _3249 _q883-918 _d1977 _g65 |
|
| 999 |
_c9749 _d9749 |
||